Thermodynamics in materials science (Record no. 68243)

000 -LEADER
fixed length control field 00441nam a22001697a 4500
003 - CONTROL NUMBER IDENTIFIER
control field NUST - PNEC
005 - DATE AND TIME OF LATEST TRANSACTION
control field 20170116181046.0
008 - FIXED-LENGTH DATA ELEMENTS--GENERAL INFORMATION
fixed length control field 150924b xxu||||| |||| 00| 0 eng d
020 ## - INTERNATIONAL STANDARD BOOK NUMBER
International Standard Book Number 0071125965
040 ## - CATALOGING SOURCE
Transcribing agency LIBRARY
082 ## - DEWEY DECIMAL CLASSIFICATION NUMBER
Classification number 621.11296 DEH
100 ## - MAIN ENTRY--PERSONAL NAME
9 (RLIN) 11722
Personal name DeHoff, Robert T
245 ## - TITLE STATEMENT
Title Thermodynamics in materials science
Statement of responsibility, etc. Robert T. Dehoff
260 ## - PUBLICATION, DISTRIBUTION, ETC.
Date of publication, distribution, etc. c.1993
650 ## - SUBJECT ADDED ENTRY--TOPICAL TERM
9 (RLIN) 6985
Topical term or geographic name entry element Materials science
General subdivision ME
942 ## - ADDED ENTRY ELEMENTS (KOHA)
Source of classification or shelving scheme
Koha item type Book
Holdings
Withdrawn status Lost status Source of classification or shelving scheme Damaged status Not for loan Permanent Location Current Location Shelving location Date acquired Total Checkouts Full call number Barcode Date last seen Price effective from Koha item type Source of acquisition
          Pakistan Navy Engineering College (PNEC) Pakistan Navy Engineering College (PNEC)       621.11296 DEH PNECLIB-017972 09/24/2015   Book  
          Pakistan Navy Engineering College (PNEC) Pakistan Navy Engineering College (PNEC)       621.11296 DEH PNECLIB-017715 09/24/2015   Book -
© 2023 Central Library, National University of Sciences and Technology. All Rights Reserved.